000 00458nam a2200181Ia 4500
001 22972
005 20260414150906.0
008 260414t2009||||xx |||||||||||||| ||spa||
041 _aESP
082 _a624.171
_bP33B
100 _aPaz, Mario
_eAUT
245 0 _aMatrix structural analysis and dynamics :
_btheory and computation
260 _c2009
300 _aiv, 487 páginas :
_c24 cm.
650 _a0
654 _aCIC
942 _cLIB
_dJUS
_fJUS
_2ddc
_n
999 _c22972
_d22972